Zgadnij 16 zawodników NBA! - Statystyki

Ogólne statystyki
  • Ten quiz został rozwiązany 167 razy
  • Średni wynik to 10 z 16
Statystyki odpowiedzi
Obrazkowy Odpowiedź % Poprawnych
Damian Lillard
96%
Devin Booker
94%
Rudy Gobert
89%
Brandin Podziemski
77%
Al Horford
68%
Dillon Brooks
68%
Deandre Ayton
65%
Mikal Bridges
64%
Scottie Barnes
61%
Clint Capela
58%
Andre Drummond
57%
CJ McCollum
50%
Brandon Miller
35%
Jakob Poeltl
31%
Luke Kennard
26%
Isaiah Joe
17%
Nie znaleziono quizów pasujących do podanych kryteriów
Rozkład punktacji
Procent ludzi z każdym wynikiem
Percentyl według liczby udzielonych odpowiedzi
Twoja historia wyników
Nie rozwiązałeś tego quizu